| 000 | 00599nam a2200181Ia 4500 | ||
|---|---|---|---|
| 005 | 20250423101724.0 | ||
| 008 | 250422s9999 xx 000 0 und d | ||
| 020 | _a9781032671796 | ||
| 050 | _aTK 510.83 .H4/ | ||
| 100 | _aHe, Ruisi. | ||
| 245 | 0 | _aWireless channel measurement and modeling in mobile communication scenario | |
| 260 | _aBoca Raton | ||
| 260 | _bCRC Press | ||
| 260 | _c2024 | ||
| 300 | _aVii, 227p.: ill. | ||
| 650 | _aMobile communication systems--Mathematical models. Radio--Transmitters and transmission--Mathematical models. Radio frequency--Measurement. | ||
| 942 | _cBK | ||
| 999 |
_c37081 _d37081 |
||